000 01205nam a22003497a 4500
003 CHAP
005 20220329134013.0
008 971013s1984 r 00010 d
010 _a13933
011 _a14905
035 _a18979
040 _cCHAP
090 _aTesis
100 0 0 _aGonzález Gallardo, Juan Carlos.
_948919
245 _aEvaluación de las pruebas de progenie al destete en ganado Santa Gertrudis
260 _a(Monterrey, N.L.) :
_bEl autor,
_c1984
300 _a39 h.
502 _aTesis (Ing. Agrónomo Zootecnista) -- ITESM. División de Ciencias Agropecuarias y Marítimas
590 _aALEPH
_b10
_c20130110
_lUCH01
_h1234
590 _aBATCH-UPD
_b10
_c20130110
_lUCH01
_h0320
590 _aBATCH-UPD
_b10
_c20130110
_lUCH01
_h2100
590 _aBATCH-UPD
_b10
_c20130409
_lUCH01
_h2353
590 _aBATCH-UPD
_b10
_c20130410
_lUCH01
_h1452
590 _aBATCH-UPD
_b10
_c20130914
_lUCH01
_h1523
590 _aCONVERSION
_b10
_c20130109
_lUCH01
_h1309
650 1 4 _aGanado Santa Gertrudis.
_945423
650 1 4 _aGanado vacuno
_xGenética.
_945470
650 1 4 _aGanado vacuno
_xSelección.
_945513
901 _aBK
942 _cTESIS
949 _bBC
_cTES
_d-44115
_eTS1
_h17748
_i18979
_si
999 _c13933
_d13933